Statistics for Band Members by Instrument - Folk / Folk Rock Edition

Click here to take the quiz!

General Stats

  • This quiz has been taken 80 times
  • The average score is 12 of 47

Answer Stats

Group or SongInstrument or RoleAnswer% Correct
S & G (1956-1964; 1965-1970) ("Bridge Over Troubled Water")VocalsArt Garfunkel
93%
S & G (1956-1964; 1965-1970) ("Bridge Over Troubled Water")Vocals, GuitarPaul Simon
93%
SONG - "Like A Rolling Stone" (from Highway 61 Revisited (1965))Vocals, Rhythm Guitar, HarmonicaBob Dylan
84%
CSN / CSNY (1968-1970; 1973-2015) ("Suite: Judy Blue Eyes")Vocals, Rhythm GuitarDavid Crosby
75%
The Byrds (1964-1966)Vocals, Rhythm GuitarDavid Crosby
75%
CSN / CSNY (1968-1970; 1973-2015) ("Suite: Judy Blue Eyes")Vocals, Lead Guitar (off and on)Neil Young
75%
*Buffalo Springfield (1966-1968)Vocals, Lead GuitarNeil Young
75%
CSN / CSNY (1968-1970; 1973-2015) ("Suite: Judy Blue Eyes")Vocals, Lead Guitar, Bass, KeyboardsStephen Stills
74%
*Buffalo Springfield (1966-1968)Vocals, Lead GuitarStephen Stills
74%
CSN / CSNY (1968-1970; 1973-2015) ("Suite: Judy Blue Eyes")Vocals, Keyboards, Rhythm GuitarGraham Nash
72%
The Mamas and the Papas (1965-1968)VocalsCass Elliot
65%
The Mamas and the Papas (1965-1968)Guitar, VocalsJohn Phillips
47%
The Mamas and the Papas (1965-1968)VocalsMichelle Phillips
44%
Fairport Convention (1968-1969)VocalsSandy Denny
35%
The Byrds (1964-1966)Vocals, Lead GuitarRoger McGuinn
25%
Fairport Convention (1968-1969)Lead GuitarRichard Thompson
23%
The Mamas and the Papas (1965-1968)VocalsDenny Doherty
21%
Peter, Paul and Mary (1961-1970; 1981-2009)Tenor Vocals, GuitarPeter Yarrow
16%
Peter, Paul and Mary (1961-1970; 1981-2009)Contralto VocalsMary Travers
14%
The Byrds (1964-1966)DrumsMichael Clarke
14%
The Byrds (1964-1966)Vocals, TambourineGene Clark
12%
*Buffalo Springfield (1966-1968)Vocals, Rhythm GuitarRichie Furay
12%
SONG - "Like A Rolling Stone" (from Highway 61 Revisited (1965))OrganAl Kooper
11%
The Byrds (1964-1966)BassChris Hillman
11%
SONG - "Like A Rolling Stone" (from Highway 61 Revisited (1965))Lead GuitarMike Bloomfield
11%
Peter, Paul and Mary (1961-1970; 1981-2009)Baritone Vocals, GuitarNoel "Paul" Stookey
11%
America (1970-1977)Vocals, GuitarDewey Bunnell
9%
America (1970-1977)Vocals, Bass, GuitarDan Peek
7%
Fairport Convention (1968-1969)Fiddle (1969 only)Dave Swarbrick
7%
*Buffalo Springfield (1966-1968)DrumsDewey Martin
7%
The Weavers (1948-1952; 1955-1958)Tenor Vocals, BanjoPete Seeger
7%
Fairport Convention (1968-1969)Rhythm GuitarSimon Nicol
7%
Fairport Convention (1968-1969)BassAshley Hutchings
5%
America (1970-1977)Vocals, Guitar, KeyboardsGerry Beckley
5%
Fairport Convention (1968-1969)VocalsIain Matthews
5%
Fairport Convention (1968-1969)DrumsMartin Lamble / Dave Mattacks
5%
*Buffalo Springfield (1966-1968)BassBruce Palmer
4%
The Kingston Trio (1954-1967)Vocals, BanjoDave Guard / John Stewart
2%
SONG - "Like A Rolling Stone" (from Highway 61 Revisited (1965))BassJoe Macho Jr.
2%
SONG - "Like A Rolling Stone" (from Highway 61 Revisited (1965))DrumsBobby Gregg
0%
The Kingston Trio (1954-1967)Vocals, GuitarBob Shane
0%
SONG - "Like A Rolling Stone" (from Highway 61 Revisited (1965))TambourineBruce Langhorne
0%
SONG - "Like A Rolling Stone" (from Highway 61 Revisited (1965))Tack PianoFrank Owens
0%
The Weavers (1948-1952; 1955-1958)Baritone Vocals, GuitarFred Hellerman
0%
The Weavers (1948-1952; 1955-1958)Bass VocalsLee Hays
0%
The Kingston Trio (1954-1967)Vocals, Tenor GuitarNick Reynolds
0%
The Weavers (1948-1952; 1955-1958)Alto VocalsRonnie Gilbert
0%

Score Distribution

Percentile by Number Answered

Percent of People with Each Score

Your Score History

You have not taken this quiz